000 00556nam a2200229Ia 4500
003 IT-RoPAU
008 120407s9999 xx 000 0 und d
040 _aIT-RoPAU
040 _cIT-RoPAU
041 _aita
100 _aRomano Penna
245 _aLo Spirito di Cristo. Cristologia e pneumatologia secondo un’originale formulazione paolina
250 _aBrescia
260 _aPaideia
260 _c1976
300 _a359 p.
300 _c24 cm
490 _aSupplemento alla Rivista Biblica
490 _v7
942 _cBK
999 _c33355
_d33355